000 00606nam a2200241Ia 4500
003 OSt
005 20221005124406.0
006 a|||||r|||| 00| 0
007 ta
008 221004b |||||||| |||| 00| 0 kan d
024 _a61093
037 _cTextual
040 _aCRL
_cCRL
_bkan
041 _2kan
_akan
082 _aO33,3x, L7
100 _aAraasay Au.
_9635137
245 0 _aMugilu llalliya bakhairu hagoo thare
260 _c1977
650 _a KANNAD LITERATURE
650 _aKANNAD FICTION
942 _hO33,3x, L7
_cTEXL
_2cc
999 _c1050316
_d1050316